| 000 | 00685nam a22002057a 4500 | ||
|---|---|---|---|
| 999 |
_c15581 _d15581 |
||
| 003 | MIRAKIL | ||
| 005 | 20240307142037.0 | ||
| 008 | 240307b tu ||||| |||| 00| 0 tur d | ||
| 020 | _a9786050512588 | ||
| 040 |
_aTR-AnCHP _cTR-AnCHP |
||
| 041 | _atur | ||
| 082 |
_a350.320 _bİ51k 2022 |
||
| 090 | _a350.320 İ51k 2022 | ||
| 100 | _aİncüvez, Ongun Ekin | ||
| 245 | 1 | 0 |
_aKamu özel işbirlikleri : _bYap işlet devret modeli ve uyuşmazlıkların çözümü/ _cOngun Ekin İncivez. |
| 260 |
_aAnkara : _bYetkin Yayınları, _c2022. |
||
| 300 |
_a195 s. : _c30 cm. |
||
| 856 | _zDijital Nüshası için Partimizin Kütüphane Sorumlusu ile iletişime geçiniz. | ||
| 942 |
_2ddc _cBKS |
||